| 000 | 01346nam a22003737a 4500 | ||
|---|---|---|---|
| 003 | CHAP | ||
| 005 | 20220329135120.0 | ||
| 008 | 971013s1987 r 00010 d | ||
| 010 | _a31169 | ||
| 011 | _a32141 | ||
| 035 | _a36254 | ||
| 040 | _cCHAP | ||
| 090 | _aTesis | ||
| 100 | 0 | 0 |
_aMárquez Cervantes, Jesús Arnulfo. _976302 |
| 245 | _aPrevención de la mancha amarga (Bitter pit) de la manzana (Malus pumila mill) selección rayada, mediante paroductos de calcio y boro y coadyuvantes | ||
| 260 |
_aChapingo, Méx. : _bEl autor, _c1987 |
||
| 300 |
_a165 h. _b; gráfs |
||
| 502 | _aTesis (M.C. Esp. en Fruticultura) -- CP. Centro de Fruticultura | ||
| 590 |
_aALEPH _b10 _c20130110 _lUCH01 _h1253 |
||
| 590 |
_aBATCH-UPD _b10 _c20130110 _lUCH01 _h0109 |
||
| 590 |
_aBATCH-UPD _b10 _c20130110 _lUCH01 _h1648 |
||
| 590 |
_aBATCH-UPD _b10 _c20130410 _lUCH01 _h1038 |
||
| 590 |
_aBATCH-UPD _b10 _c20130914 _lUCH01 _h0659 |
||
| 590 |
_aCONVERSION _b10 _c20130109 _lUCH01 _h1318 |
||
| 650 | 1 | 4 |
_aBoro _xEfecto en manzana. _913919 |
| 650 | 1 | 4 |
_aCalcio _xEfecto en manzana. _917335 |
| 650 | 1 | 4 |
_aMancha amarga. _970293 |
| 650 | 1 | 4 |
_aManzana _xEnfermedades. _970763 |
| 650 | 1 | 4 |
_aManzana _xVariedades. _970810 |
| 901 | _aBK | ||
| 942 | _cFOLL | ||
| 949 |
_bBC _cTES _d-83649 _eTS1 _h19575 _i36254 _si |
||
| 949 |
_bBC _cTES _d-83650 _eTS2 _fc.2 _h19576 _i36254 _si |
||
| 999 |
_c31169 _d31169 |
||